Score 0/22 Timer 06:00
0 Plays Today
Ship Captain/Passenger % Correct
Santa MariaChristopher Columbus
88.1%
Black PearlCaptain Jack Sparrow
77.8%
The ArgoJason
71.9%
NautilusCaptain Nemo
62.6%
Queen Anne's RevengeBlackbeard
60.7%
HMS BeagleCharles Darwin
59.3%
PequodCaptain Ahab
54.3%
S.S. MinnowSkipper Jonas Grumby
50.3%
RMS TitanicCaptain Edward J. Smith
46.9%
HMS BountyWilliam Bligh
46.1%
HMS VictoryHoratio Nelson
44%
Ship Captain/Passenger % Correct
The Golden HindFrancis Drake
43.8%
The Jolly RogerCaptain James Hook
40.6%
EndeavourCaptain James Cook
36.3%
HispaniolaCaptain Smollett
29.1%
Kon TikiThor Heyerdahl
23.4%
VictoriaFerdinand Magellan
21.7%
OlivePopeye
16.7%
São GabrielVasco da Gama
12.3%
NimrodErnest Shackleton
11.1%
MayflowerChristopher Jones
11%
TarantulaThe Pirate King
1.5%
Remove Ads.
Support Sporcle.
Get the best of Sporcle when you Go Orange. This ad-free experience offers more features, more stats, and more fun while also helping to support Sporcle. Thank you for becoming a member.

You're not logged in!

Compare scores with friends on all Sporcle quizzes.
OR
Log In

Show Comments

Extras

Top Quizzes Today


Score Distribution

Your Account Isn't Verified!

In order to create a playlist on Sporcle, you need to verify the email address you used during registration. Go to your Sporcle Settings to finish the process.

Report this User

Report this user for behavior that violates our Community Guidelines.

Details: